Chemický průmysl.
Chemický priemysel ČR. Priemysel ropy a petrochémie. Priemysel chemických medziproduktov. Výroba pomocných prostriedkov. Výroba vysokonáročných produktov. Prognózy geochemickej situácie Zeme po roku 2000.
Enregistré dans:
| Format: | Chapitre de livre |
|---|---|
| Langue: | tchèque |
| Sujets: | |
| Tags: |
Pas de tags, Soyez le premier à ajouter un tag!
|
MARC
| LEADER | 00000naa a2200000 4500 | ||
|---|---|---|---|
| 001 | r013213 | ||
| 005 | 20221213081905.9 | ||
| 041 | 0 | |a cze | |
| 044 | |a CZ | ||
| 245 | 1 | 0 | |a Chemický průmysl. |
| 520 | |a Chemický priemysel ČR. Priemysel ropy a petrochémie. Priemysel chemických medziproduktov. Výroba pomocných prostriedkov. Výroba vysokonáročných produktov. Prognózy geochemickej situácie Zeme po roku 2000. | ||
| 610 | 2 | 0 | |a priemysel chemický |
| 610 | 2 | 0 | |a Čechy |
| 610 | 2 | 0 | |a petrochémia |
| 610 | 2 | 0 | |a ropa |
| 610 | 2 | 0 | |a prostredie životné |
| 610 | 2 | 0 | |a výrobky chemické |